000
00326nam a2200121Ia 4500
008
171211s9999 xx 000 0 und d
020
_a
8888816000047
100
_a
Hall, John E.
245
_a
Guyton and Hall Textbook of Medical Physiology
250
_a
13th Edition
260
_b
Elsevier, Inc.
_c
2016
300
_a
1145 pages
999
_c
350908
_d
350908